| 000 | 00637nam a2200181Ia 4500 | ||
|---|---|---|---|
| 008 | 151018s9999 xx 000 0 und d | ||
| 082 |
_bRBASDV35909 _a338.642 |
||
| 100 | _aरामचंद्र नाडकर्णी | ||
| 245 | _aस्वयंरोजगार | ||
| 250 | _b1 | ||
| 260 |
_bमनोरमा प्रकाशन मुंबई _c200 |
||
| 300 | _a128 | ||
| 600 | _aरामचंद्र नाडकर्णी | ||
| 630 | _aस्वयंरोजगार | ||
| 700 | _aरामचंद्र नाडकर्णी | ||
| 730 | _aस्वयंरोजगार | ||
| 942 | _cBOOK | ||
| 999 |
_c1035380 _d1035377 |
||